Kathayum kalavum/ (Record no. 181762)

000 -LEADER
fixed length control field 00401nam a22001577a 4500
020 ## - INTERNATIONAL STANDARD BOOK NUMBER
ISBN 9788119443574
082 ## - DEWEY DECIMAL CLASSIFICATION NUMBER
Classification number M080 007
Item number DIV/K
100 ## - MAIN ENTRY--AUTHOR NAME
Personal name Divakaran R V M
245 ## - TITLE STATEMENT
Title Kathayum kalavum/
Statement of responsibility, etc by Divakaran R V M
260 ## - PUBLICATION, DISTRIBUTION, ETC. (IMPRINT)
Place of publication Kozhikkode:
Name of publisher Atma books,
Year of publication 2024.
300 ## - PHYSICAL DESCRIPTION
Number of Pages 196p.
650 ## - SUBJECT ADDED ENTRY--TOPICAL TERM
Topical Term Literature Malayalam Study
650 ## - SUBJECT ADDED ENTRY--TOPICAL TERM
Topical Term Literature Malayalam
650 ## - SUBJECT ADDED ENTRY--TOPICAL TERM
Topical Term Literature
942 ## - ADDED ENTRY ELEMENTS (KOHA)
Koha item type Book
Holdings
Withdrawn status Lost status Damaged status Not for loan Permanent Location Current Location Shelving location Date acquired Cost, normal purchase price Full call number Accession Number Price effective from Koha item type
        Sree Sankaracharya University of Sanskrit Sree Sankaracharya University of Sanskrit Stacks 22.05.2026 390.00 M080 007 DIV/K 108890 22.05.2026 Book